General Knowledge Quiz #39 - Statistics

General Stats
  • This quiz has been taken 135,958 times
    100,928 since last reset
  • The average score is 12 of 20
Answer Stats
Question Answer % Correct
Better late than when? Never
99%
What does www stand for in www.jetpunk.com? World Wide Web
94%
What major river flows through London? River Thames
89%
What is the Scottish word for lake? Loch
86%
What German road system famously has no federal speed limit? Autobahn
78%
What does the G stand for in the economic term GDP? Gross
77%
What is VIII plus XXIV? XXXII
75%
Which two superheros have been portrayed by Ryan Reynolds? Deadpool
70%
What is the name of an Amsterdam soccer team, two characters from the Iliad, and a brand of cleaning powder? Ajax
60%
What Russian leader had a prominent birth mark on his forehead? Mikhail Gorbachev
59%
Which two superheros have been portrayed by Ryan Reynolds? Green Lantern
53%
What disease did Edward Jenner develop a vaccine against in the 1790s? Smallpox
52%
What motel was featured in the movie "Psycho"? The {Bates} Motel
50%
In what country would you find most of the Indus valley? Pakistan
45%
Who tries to hunt Bugs Bunny during wabbit season? Elmer Fudd
44%
If a U.S. army captain is promoted, what is their new rank? Major
44%
What is the southernmost city in the United States with a population over 100,000? Honolulu
40%
What TV show is set in the fictional Melbourne suburb of Erinsborough? Neighbours
34%
What is the name of an African country or a former British coin worth 21 shillings? Guinea
32%
A modern round brilliant cut has 58 of these. What are they? Facets
21%
No matching quizzes found
Score Distribution
Percent of People with Each Score
Percentile by Number Answered
Your Score History
You have not taken this quiz since the last reset